आदिवासी साहित्य संमेलन अध्यक्षीय भाषणे (Record no. 1222138)

MARC details
000 -LEADER
fixed length control field 00544nam a2200169Ia 4500
008 - FIXED-LENGTH DATA ELEMENTS--GENERAL INFORMATION
fixed length control field 260520s2017 xx 000 0 und d
020 ## - INTERNATIONAL STANDARD BOOK NUMBER
International Standard Book Number 8188764205
041 ## - LANGUAGE CODE
Language code of text/sound track or separate title mar
082 ## - DEWEY DECIMAL CLASSIFICATION NUMBER
Classification number 891.465/GAR
100 ## - MAIN ENTRY--PERSONAL NAME
Personal name गारे, गोविंद
245 ## - TITLE STATEMENT
Title आदिवासी साहित्य संमेलन अध्यक्षीय भाषणे
250 ## - EDITION STATEMENT
Edition statement 2nd ed
260 ## - PUBLICATION, DISTRIBUTION, ETC.
Place of publication, distribution, etc. पुणे
Name of publisher, distributor, etc. सुगावा प्रकाशन
Date of publication, distribution, etc. 2017
300 ## - PHYSICAL DESCRIPTION
Extent 110p.
500 ## - GENERAL NOTE
General note Cat No: 14889
650 ## - SUBJECT ADDED ENTRY--TOPICAL TERM
Topical term or geographic name entry element MARATHI SPEECHES
Holdings
Withdrawn status Lost status Damaged status Not for loan Collection Home library Current library Shelving location Date acquired Source of acquisition Cost, normal purchase price Total Checkouts Full call number Barcode Date last seen Price effective from Koha item type Public note
          Dr.Patangrao Kadam Mahavidyalaya, Sangli Dr.Patangrao Kadam Mahavidyalaya, Sangli   06/06/2025 Sugava Prakashan, Pune 80.00   891.465/GAR PKS-24589 27/05/2026 27/05/2026 Book General book section